[Event "EU-Cup 31st"]
[Site "Skopje"]
[Date "2015.10.21"]
[Round "4.3"]
[White "Carstensen, Jacob"]
[Black "Arztmann, Wolfgang"]
[Result "1/2-1/2"]
[WhiteElo "2352"]
[BlackElo "2165"]
[PlyCount "155"]
[EventDate "2015.10.18"]
[EventType "team-swiss"]
[EventRounds "7"]
[EventCountry "MKD"]
[SourceTitle "CBM 169"]
[Source "ChessBase"]
[SourceDate "2015.11.10"]
[SourceVersion "1"]
[SourceVersionDate "2015.11.10"]
[SourceQuality "1"]
[WhiteTeam "Bronshoj"]
[BlackTeam "Raika Feffernitz"]
[WhiteTeamCountry "DEN"]
[BlackTeamCountry "AUT"]

1. d4 d5 2. c4 c6 3. Nf3 Nf6 4. e3 Bf5 5. Nc3 e6 6. Nh4 Bg6 7. Nxg6 hxg6 8. Bd2 Nbd7 9. cxd5 exd5 10. Bd3 Bd6 11. Qf3 Qe7 12. 0-0-0 0-0-0 13. Kb1 Kb8 14. h3 Rhe8 15. Rc1 Ne4 16. Bxe4 dxe4 17. Qd1 Nb6 18. Na4 Nxa4 19. Qxa4 Qg5 20. Rcg1 Qf5 21. Rf1 Qg5 22. Rfg1 Qf5 23. Rf1 Qg5 24. g3 Qf5 25. h4 Re6 26. Bc3 Qd5 27. Rc1 Rf6 28. Rc2 Rf5 29. Re2 Rh8 30. Qd1 Rf3 31. Rc2 Rh5 32. Rd2 f6 33. Rc2 Qg8 34. Rg1 Qd5 35. Re2 Rh8 36. Rh1 Rh5 37. Qg1 Rh8 38. Qg2 Rd8 39. Rc1 Rh8 40. Rh1 Rd8 41. Rc1 Rh8 42. Ree1 Qf5 43. Rc2 Qd5 44. Rec1 Rd8 45. Qg1 Rh8 46. Qe1 g5 47. hxg5 fxg5 48. Qg1 g4 49. Qg2 Rf5 50. a3 Rhh5 51. Rh1 Rxh1+ 52. Qxh1 Rh5 53. Qg1 Qe6 54. Rd2 g6 55. Qd1 Rd5 56. Qc2 Rh5 57. Rd1 Rf5 58. Be1 Rh5 59. Qc3 Qd5 60. Ka1 Rh1 61. Qc2 Rh5 62. Rc1 Qe6 63. Qa4 Rh1 64. Qa5 Bc7 65. Qc5 Bd6 66. Qg5 Be7 67. Qa5 Rh5 68. Qa4 Rd5 69. Bb4 Bxb4 70. Qxb4 a6 71. Rh1 Rh5 72. Rxh5 gxh5 73. Qf8+ Ka7 74. Qc5+ Ka8 75. Qxh5 Ka7 76. Qc5+ Ka8 77. Qf8+ Ka7 78. Qf4 1/2-1/2

[Event "Ratten op 21st"]
[Site "Ratten"]
[Date "2014.05.30"]
[Round "3"]
[White "Krstulovic, Alex"]
[Black "Arztmann, Wolfgang"]
[Result "1/2-1/2"]
[WhiteElo "1985"]
[BlackElo "2185"]
[PlyCount "43"]
[EventDate "2014.05.29"]
[EventType "swiss"]
[EventRounds "5"]
[EventCountry "AUT"]
[SourceTitle "CBM 160 Extra"]
[Source "ChessBase"]
[SourceDate "2014.07.01"]
[SourceVersion "1"]
[SourceVersionDate "2014.07.01"]
[SourceQuality "1"]

1. d4 d5 2. c4 c6 3. Nc3 Nf6 4. Nf3 dxc4 5. a4 Bf5 6. e3 e6 7. Bxc4 Bb4 8. 0-0 Nbd7 9. Qb3 a5 10. Na2 Be7 11. Bd2 Ne4 12. Nc3 Qb6 13. Rfd1 0-0 14. Nxe4 Qxb3 15. Bxb3 Bxe4 16. Bc3 Rfd8 17. Nd2 Bd5 18. e4 Bxb3 19. Nxb3 b6 20. Rac1 Rac8 21. f3 c5 22. Kf2 1/2-1/2

[Event "AUT-chT2M 1314"]
[Site "Austria"]
[Date "2014.04.05"]
[Round "10.1"]
[White "Arztmann, Wolfgang"]
[Black "Mayerhofer, Peter"]
[Result "1/2-1/2"]
[WhiteElo "2191"]
[BlackElo "2191"]
[PlyCount "39"]
[EventDate "2013.10.04"]
[EventType "team-tourn"]
[EventRounds "11"]
[EventCountry "AUT"]
[SourceTitle "EXT 2015"]
[Source "ChessBase"]
[SourceDate "2014.11.20"]
[SourceVersion "1"]
[SourceVersionDate "2014.11.20"]
[SourceQuality "1"]
[WhiteTeam "Feffernitz"]
[BlackTeam "Freistadt/Wartberg"]
[WhiteTeamCountry "AUT"]
[BlackTeamCountry "AUT"]

1. e4 c5 2. c3 Nf6 3. e5 Nd5 4. Bc4 Qc7 5. Nf3 Nb6 6. Bb3 Nc6 7. d4 cxd4 8. cxd4 e6 9. 0-0 d6 10. exd6 Bxd6 11. Nc3 a6 12. Re1 0-0 13. a3 Ne7 14. Qd3 Nbd5 15. Bc2 g6 16. Bh6 Rd8 17. Bg5 Rf8 18. Bh6 Rd8 19. Bg5 Rf8 20. Bh6 1/2-1/2

[Event "AUT-chT2M 1314"]
[Site "Austria"]
[Date "2014.04.04"]
[Round "9.1"]
[White "Taggatz, Mario"]
[Black "Arztmann, Wolfgang"]
[Result "1-0"]
[WhiteElo "2284"]
[BlackElo "2191"]
[PlyCount "109"]
[EventDate "2013.10.04"]
[EventType "team-tourn"]
[EventRounds "11"]
[EventCountry "AUT"]
[SourceTitle "EXT 2015"]
[Source "ChessBase"]
[SourceDate "2014.11.20"]
[SourceVersion "1"]
[SourceVersionDate "2014.11.20"]
[SourceQuality "1"]
[WhiteTeam "Sauwald"]
[BlackTeam "Feffernitz"]
[WhiteTeamCountry "AUT"]
[BlackTeamCountry "AUT"]

1. Nf3 Nf6 2. g3 d5 3. Bg2 e6 4. 0-0 Be7 5. c4 0-0 6. d4 dxc4 7. Qa4 a6 8. Qxc4 b5 9. Qc2 Bb7 10. Bg5 Be4 11. Qc1 Nbd7 12. Nbd2 Bb7 13. Rd1 Qc8 14. Nb3 a5 15. Bxf6 Bxf6 16. Nc5 Bd5 17. e4 Bc4 18. Nxd7 Qxd7 19. Qe3 b4 20. Nd2 Bb5 21. e5 Be7 22. Bxa8 Rxa8 23. Ne4 Bc6 24. f3 Rd8 25. Rac1 Bd5 26. b3 h6 27. Kg2 c6 28. Rc2 Qa7 29. h4 a4 30. Nc5 axb3 31. axb3 Ra8 32. Kh2 Qa3 33. Rd3 Qa1 34. Qc1 Qxc1 35. Rxc1 Ra2+ 36. Kh3 Rb2 37. g4 g6 38. Kg3 Kg7 39. Ra1 Rc2 40. Ne4 Rb2 41. Ra7 Bf8 42. Nd6 Bxb3 43. Rxf7+ Kg8 44. Rb7 Bc2 45. Rd2 b3 46. Ne8 Ba3 47. Nd6 Ra2 48. Nc4 Bc1 49. Rf2 Bd3 50. Nb2 Bxb2 51. Rxb3 Bc4 52. Rb8+ Kf7 53. Rfxb2 Ra7 54. R2b7+ Rxb7 55. Rxb7+ 1-0

[Event "AUT-chT2M 1314"]
[Site "Austria"]
[Date "2014.03.21"]
[Round "6.1"]
[White "Nemeth, Miklos"]
[Black "Arztmann, Wolfgang"]
[Result "1/2-1/2"]
[WhiteElo "2468"]
[BlackElo "2191"]
[PlyCount "149"]
[EventDate "2013.10.04"]
[EventType "team-tourn"]
[EventRounds "11"]
[EventCountry "AUT"]
[SourceTitle "EXT 2015"]
[Source "ChessBase"]
[SourceDate "2014.11.20"]
[SourceVersion "1"]
[SourceVersionDate "2014.11.20"]
[SourceQuality "1"]
[WhiteTeam "Steyregg"]
[BlackTeam "Feffernitz"]
[WhiteTeamCountry "AUT"]
[BlackTeamCountry "AUT"]

1. e4 e5 2. Nf3 Nc6 3. Bc4 Bc5 4. c3 Nf6 5. d3 0-0 6. Nbd2 a6 7. 0-0 d6 8. Bb3 Ba7 9. Nc4 h6 10. Be3 Be6 11. Bxa7 Rxa7 12. a4 Ra8 13. Re1 Re8 14. Qc2 Nh5 15. Re3 Qf6 16. Ncd2 Nf4 17. g3 Nh3+ 18. Kg2 Ng5 19. h4 Nxf3 20. Rxf3 Qe7 21. Nf1 Na5 22. Bd5 Qd7 23. Ne3 Nc6 24. Rd1 Bxd5 25. Nxd5 Ne7 26. Ne3 Qe6 27. d4 a5 28. h5 Red8 29. Nf5 Nxf5 30. Rxf5 g6 31. Rf3 Kg7 32. hxg6 fxg6 33. dxe5 dxe5 34. Rfd3 Rd6 35. Rxd6 cxd6 36. Qd3 Ra6 37. Qb5 Qc8 38. Rd5 h5 39. Qd3 Qc6 40. b3 Qc7 41. c4 Kh6 42. f4 exf4 43. gxf4 Qe7 44. Qd4 Ra8 45. Rxd6 Qh4 46. Qe3 Qg4+ 47. Kf2 Rf8 48. f5+ Kh7 49. Rd7+ Kg8 50. Qd4 Qh4+ 51. Ke2 Qg4+ 52. Ke1 Qg3+ 53. Kd2 gxf5 54. exf5 Qg5+ 55. Qe3 Qxf5 56. Qg3+ Qg4 57. Qxg4+ hxg4 58. Ke2 Rf7 59. Rd4 Rg7 60. Kf2 Rg6 61. Kg3 Kf8 62. c5 Ke7 63. b4 axb4 64. Rxb4 Kd7 65. Rxb7+ Kc8 66. Rf7 Rg5 67. c6 Rc5 68. Kxg4 Rxc6 69. Rf4 Kb7 70. Kf5 Rh6 71. Ke5 Ka7 72. Rf7+ Ka8 73. Rf8+ Ka7 74. Rf7+ Ka8 75. Rf8+ 1/2-1/2

[Event "AUT-chT2M 1314"]
[Site "Austria"]
[Date "2013.10.06"]
[Round "3.5"]
[White "Arztmann, Wolfgang"]
[Black "Stagl, Marco"]
[Result "0-1"]
[WhiteElo "2191"]
[BlackElo "2153"]
[PlyCount "58"]
[EventDate "2013.10.04"]
[EventType "team-tourn"]
[EventRounds "11"]
[EventCountry "AUT"]
[SourceTitle "CBM 156 Extra"]
[Source "ChessBase"]
[SourceDate "2013.10.22"]
[SourceVersion "1"]
[SourceVersionDate "2013.10.22"]
[SourceQuality "1"]
[WhiteTeam "Feffernitz"]
[BlackTeam "Graz Styria"]
[WhiteTeamCountry "AUT"]
[BlackTeamCountry "AUT"]

1. e4 d5 2. exd5 Qxd5 3. Nf3 Bg4 4. Be2 Nc6 5. d4 0-0-0 6. c4 Qd7 7. d5 Bxf3 8. Bxf3 Ne5 9. Be2 e6 10. Nc3 Bb4 11. Qd4 Nc6 12. Qxg7 Nge7 13. dxc6 Qxc6 14. Qf6 Qxg2 15. Bf3 Qh3 16. a3 Nf5 17. Be4 Bc5 18. Qe5 Bd4 19. Qa5 Qh4 20. 0-0 Rhg8+ 21. Kh1 Bxc3 22. Bxb7+ Kxb7 23. Qb5+ Kc8 24. Qa6+ Kd7 25. Qb5+ Ke7 26. Qc5+ Kf6 27. bxc3 Qe4+ 28. f3 Qe2 29. Bg5+ Rxg5 0-1

[Event "Feffernitz Raika op 22nd"]
[Site "Feffernitz"]
[Date "2013.08.25"]
[Round "9"]
[White "Becker, Matthias1111"]
[Black "Arztmann, Wolfgang"]
[Result "1/2-1/2"]
[WhiteElo "2152"]
[BlackElo "2193"]
[PlyCount "97"]
[EventDate "2013.08.18"]
[EventType "swiss"]
[EventRounds "9"]
[EventCountry "AUT"]
[SourceTitle "CBM 156 Extra"]
[Source "ChessBase"]
[SourceDate "2013.10.22"]
[SourceVersion "1"]
[SourceVersionDate "2013.10.22"]
[SourceQuality "1"]

1. e4 e5 2. Nf3 Nc6 3. Bc4 Bc5 4. c3 Nf6 5. d3 a6 6. Bb3 Ba7 7. h3 d6 8. Nbd2 Be6 9. Nf1 Bxb3 10. axb3 h6 11. Ng3 0-0 12. 0-0 Re8 13. Qe2 Qd7 14. Nh4 d5 15. Qf3 Qe6 16. Nhf5 dxe4 17. dxe4 Ne7 18. Nxe7+ Rxe7 19. Nf5 Rd7 20. Bxh6 Ne8 21. Qg3 Qg6 22. Be3 Qxg3 23. fxg3 Bxe3+ 24. Nxe3 Nf6 25. Nc4 Nxe4 26. Rfe1 Nxg3 27. Rxe5 f6 28. Re3 Nf5 29. Re2 Rad8 30. Rae1 Rd1 31. Kf2 Rxe1 32. Rxe1 Kf7 33. g4 Nd6 34. Na5 Re8 35. Rxe8 Kxe8 36. h4 Kd7 37. Nc4 Nxc4 38. bxc4 Kd6 39. h5 a5 40. b3 c6 41. Ke3 b6 42. Kd4 Ke6 43. Ke4 b5 44. cxb5 cxb5 45. Kd4 Kd6 46. b4 a4 47. c4 Kc6 48. c5 Kd7 49. Kc3 1/2-1/2

[Event "Feffernitz Raika op 22nd"]
[Site "Feffernitz"]
[Date "2013.08.20"]
[Round "4"]
[White "Arztmann, Wolfgang"]
[Black "Stopa, Jacek"]
[Result "0-1"]
[WhiteElo "2193"]
[BlackElo "2491"]
[PlyCount "86"]
[EventDate "2013.08.18"]
[EventType "swiss"]
[EventRounds "9"]
[EventCountry "AUT"]
[SourceTitle "CBM 156 Extra"]
[Source "ChessBase"]
[SourceDate "2013.10.22"]
[SourceVersion "1"]
[SourceVersionDate "2013.10.22"]
[SourceQuality "1"]

1. e4 e5 2. Nf3 Nc6 3. Nc3 Nf6 4. d4 exd4 5. Nxd4 Bb4 6. Nxc6 bxc6 7. Bd3 d5 8. exd5 cxd5 9. 0-0 0-0 10. h3 h6 11. Qf3 Rb8 12. Ne2 Re8 13. Nd4 Rb6 14. c3 Bf8 15. Be3 c5 16. Nf5 Ne4 17. Qh5 Qf6 18. Bxe4 dxe4 19. Ng3 Rxb2 20. Bxc5 Re5 21. Bd4 Rxh5 22. Bxf6 Ra5 23. Bd4 f5 24. Rfb1 Raxa2 25. Nh5 a6 26. g3 Kf7 27. Nf4 Bb7 28. h4 g5 29. hxg5 hxg5 30. Ng2 Ke6 31. Ne3 f4 32. gxf4 gxf4 33. Nc4 Rxa1 34. Rxa1 Rb5 35. Kf1 Bh6 36. Ke1 Rh5 37. Kd2 Rh2 38. Rg1 e3+ 39. Ke1 Be4 40. fxe3 f3 41. Rf1 Re2+ 42. Kd1 Ra2 43. Re1 f2 0-1

[Event "Feffernitz Raika op 21st"]
[Site "Feffernitz"]
[Date "2012.08.25"]
[Round "8"]
[White "Arztmann, Wolfgang"]
[Black "Borsos, Bogdan"]
[Result "1/2-1/2"]
[WhiteElo "2154"]
[BlackElo "2270"]
[PlyCount "40"]
[EventDate "2012.08.19"]
[EventType "swiss"]
[EventRounds "9"]
[EventCountry "AUT"]
[SourceTitle "CBM 150 Extra"]
[Source "ChessBase"]
[SourceDate "2012.10.19"]
[SourceVersion "1"]
[SourceVersionDate "2012.10.19"]
[SourceQuality "1"]

1. e4 e5 2. Nc3 c6 3. Nf3 d6 4. d4 Nd7 5. Bc4 Be7 6. dxe5 dxe5 7. Ng5 Bxg5 8. Qh5 Qf6 9. Bxg5 Qg6 10. Qxg6 hxg6 11. 0-0 Nh6 12. f3 f6 13. Be3 Nf8 14. a4 Be6 15. Be2 g5 16. a5 Ng6 17. g3 Nf7 18. Rfd1 Nf8 19. Ra4 Nd7 20. Rb4 Nd8 1/2-1/2

[Event "AUT-chT 1112"]
[Site "Austria"]
[Date "2012.01.21"]
[Round "2.6"]
[White "Lehner, Oliver"]
[Black "Arztmann, Wolfgang"]
[Result "1-0"]
[WhiteElo "2453"]
[BlackElo "2146"]
[PlyCount "51"]
[EventDate "2012.01.20"]
[EventType "team-tourn"]
[EventRounds "11"]
[EventCountry "AUT"]
[SourceTitle "CBM 146 Extra"]
[Source "ChessBase"]
[SourceDate "2012.02.29"]
[SourceVersion "1"]
[SourceVersionDate "2012.02.29"]
[SourceQuality "1"]
[WhiteTeam "Jenbach"]
[BlackTeam "Raika Feffernitz"]
[WhiteTeamCountry "AUT"]
[BlackTeamCountry "AUT"]

1. Nf3 e6 2. c4 d5 3. d4 c5 4. cxd5 exd5 5. g3 Nc6 6. Bg2 Nf6 7. 0-0 Be7 8. dxc5 Bxc5 9. Bg5 0-0 10. Qb3 Re8 11. Nc3 d4 12. Bxf6 Qxf6 13. Nd5 Qd8 14. Nf4 Bb6 15. Rad1 Bf5 16. e3 Be4 17. Nxd4 Nxd4 18. exd4 Rc8 19. Bxe4 Rxe4 20. d5 Qg5 21. Qf3 Rec4 22. Rd2 g6 23. d6 Qa5 24. Rfd1 Qxa2 25. Nd5 Rd8 26. Qf6 1-0

[Event "Feffernitz Raika op 20th"]
[Site "Feffernitz"]
[Date "2011.08.26"]
[Round "7"]
[White "Arztmann, Wolfgang"]
[Black "Kock, Hans Uwe"]
[Result "1/2-1/2"]
[WhiteElo "2146"]
[BlackElo "2084"]
[PlyCount "44"]
[EventDate "2011.08.21"]
[EventType "swiss"]
[EventRounds "9"]
[EventCountry "AUT"]
[SourceTitle "CBM 144 Extra"]
[Source "ChessBase"]
[SourceDate "2011.10.28"]
[SourceVersion "1"]
[SourceVersionDate "2011.10.28"]
[SourceQuality "1"]

1. e4 c6 2. d4 d5 3. exd5 cxd5 4. c4 Nf6 5. Nc3 e6 6. Nf3 Be7 7. cxd5 Nxd5 8. Bd3 Nc6 9. 0-0 Bf6 10. Be4 0-0 11. Re1 Nde7 12. Bg5 Ng6 13. Bxf6 Qxf6 14. Bxc6 bxc6 15. Ne4 Qd8 16. Qc2 Rb8 17. b3 Rb6 18. Nc5 Qd5 19. Rac1 Rd8 20. Na4 Ra6 21. Nc5 Rb6 22. Na4 Ra6 1/2-1/2

[Event "AUT-chT2M 1011"]
[Site "Austria"]
[Date "2011.04.10"]
[Round "11.6"]
[White "Arztmann, Wolfgang"]
[Black "Schink, Barbara"]
[Result "1/2-1/2"]
[WhiteElo "2164"]
[BlackElo "2025"]
[PlyCount "33"]
[EventDate "2010.10.16"]
[EventType "team-tourn"]
[EventRounds "11"]
[EventCountry "AUT"]
[SourceTitle "EXT 2012"]
[Source "ChessBase"]
[SourceDate "2011.11.24"]
[SourceVersion "1"]
[SourceVersionDate "2011.11.24"]
[SourceQuality "1"]
[WhiteTeam "Raika Feffernitz"]
[BlackTeam "Graz Strassenbahn"]
[WhiteTeamCountry "AUT"]
[BlackTeamCountry "AUT"]

1. Nf3 d5 2. g3 Nc6 3. d3 e5 4. c3 f6 5. Nbd2 Be6 6. b4 Qd7 7. Nb3 Bh3 8. Bxh3 Qxh3 9. Qc2 Bd6 10. a3 Nh6 11. c4 dxc4 12. Qxc4 Nf7 13. Nc5 Qc8 14. Nb3 Qh3 15. Nc5 Qc8 16. Nb3 Qh3 17. Nc5 1/2-1/2

[Event "AUT-chT2M 1011"]
[Site "Austria"]
[Date "2011.03.13"]
[Round "8.6"]
[White "Arztmann, Wolfgang"]
[Black "Wertjanz, David"]
[Result "1-0"]
[WhiteElo "2164"]
[BlackElo "2209"]
[PlyCount "103"]
[EventDate "2010.10.16"]
[EventType "team-tourn"]
[EventRounds "11"]
[EventCountry "AUT"]
[SourceTitle "EXT 2012"]
[Source "ChessBase"]
[SourceDate "2011.11.24"]
[SourceVersion "1"]
[SourceVersionDate "2011.11.24"]
[SourceQuality "1"]
[WhiteTeam "Raika Feffernitz"]
[BlackTeam "Klagenfurt"]
[WhiteTeamCountry "AUT"]
[BlackTeamCountry "AUT"]

1. e4 c5 2. c3 d5 3. exd5 Qxd5 4. d4 Nf6 5. Nf3 Bg4 6. Nbd2 e6 7. Bc4 Qd7 8. h3 Bxf3 9. Nxf3 Nc6 10. Be3 cxd4 11. Nxd4 Nd5 12. Bxd5 Qxd5 13. Qf3 Qxf3 14. Nxf3 Bd6 15. 0-0-0 Ke7 16. Ng5 Rad8 17. Rxd6 Kxd6 18. Nxf7+ Kc7 19. Nxh8 Rxh8 20. Rd1 e5 21. f4 e4 22. Rd5 Rf8 23. Kd2 b6 24. g4 g6 25. b3 Rf6 26. h4 Rd6 27. Rxd6 Kxd6 28. Bd4 Kd5 29. Ke3 b5 30. Bf6 a6 31. c4+ bxc4 32. bxc4+ Ke6 33. Bc3 h5 34. gxh5 gxh5 35. Kxe4 Ne7 36. Be1 Nf5 37. c5 Ne7 38. Ba5 Nf5 39. Bd8 Ng3+ 40. Kf3 Nf5 41. Ke4 Ng3+ 42. Kd4 Nf5+ 43. Kc4 Kd7 44. Bf6 Kc6 45. Bg5 Ng7 46. Kd4 Ne6+ 47. Ke5 Nxc5 48. Kf5 Kd5 49. Kg6 Ke6 50. f5+ Ke5 51. f6 Ne6 52. f7 1-0

[Event "AUT-chT2M 1011"]
[Site "Austria"]
[Date "2010.10.17"]
[Round "2"]
[White "Arztmann, Wolfgang"]
[Black "Moser, Guenter"]
[Result "1/2-1/2"]
[WhiteElo "2164"]
[BlackElo "2355"]
[PlyCount "76"]
[EventDate "2010.10.16"]
[EventType "team-tourn"]
[EventRounds "11"]
[EventCountry "AUT"]
[SourceTitle "CBM 138 Extra"]
[Source "ChessBase"]
[SourceDate "2010.10.29"]
[SourceVersion "1"]
[SourceVersionDate "2010.10.29"]
[SourceQuality "1"]
[WhiteTeam "Raika Feffernitz"]
[BlackTeam "Ansfelden"]
[WhiteTeamCountry "AUT"]
[BlackTeamCountry "AUT"]

1. e4 c6 2. d3 g6 3. g3 Bg7 4. Bg2 d5 5. Nd2 dxe4 6. dxe4 Nf6 7. Ngf3 0-0 8. 0-0 Qc7 9. Re1 Rd8 10. Qe2 e5 11. a4 b6 12. b3 h6 13. Bb2 Ne8 14. Nc4 Nd7 15. Rad1 Ba6 16. Bh3 Bxc4 17. Qxc4 Nc5 18. Qe2 a5 19. Nd2 Nd6 20. f4 Qe7 21. Bg2 Rac8 22. Rf1 exf4 23. Bxg7 Kxg7 24. gxf4 b5 25. Qe3 Ne8 26. Qc3+ Kg8 27. f5 b4 28. Qe3 g5 29. e5 f6 30. Nc4 fxe5 31. Rxd8 Rxd8 32. Bxc6 Nf6 33. Qxe5 Qxe5 34. Nxe5 Rd2 35. Rf2 Rd1+ 36. Rf1 Rd2 37. Rf2 Rd1+ 38. Rf1 Rd2 1/2-1/2

[Event "Feffernitz Raika op 18th"]
[Site "Feffernitz"]
[Date "2009.08.16"]
[Round "2"]
[White "Reichenbacher, Gerhard"]
[Black "Arztmann, Wolfgang"]
[Result "0-1"]
[WhiteElo "1888"]
[BlackElo "2105"]
[PlyCount "86"]
[EventDate "2009.08.16"]
[EventType "swiss"]
[EventRounds "9"]
[EventCountry "AUT"]
[SourceTitle "CBM 131 Extra"]
[Source "ChessBase"]
[SourceDate "2009.09.03"]
[SourceVersion "2"]
[SourceVersionDate "2009.09.16"]
[SourceQuality "1"]

1. c4 e5 2. g3 d6 3. Bg2 Nc6 4. Nc3 g6 5. d3 Bg7 6. e4 Nf6 7. Nge2 0-0 8. 0-0 Nh5 9. f4 f5 10. exf5 gxf5 11. Nd5 Nf6 12. fxe5 dxe5 13. Bg5 Ne7 14. Nec3 c6 15. Nxf6+ Bxf6 16. Bxf6 Rxf6 17. Qe2 Ng6 18. Rae1 Rd6 19. Rd1 Be6 20. c5 Rd4 21. Qe3 Qe7 22. Ne2 Rd7 23. h4 Rf8 24. h5 f4 25. gxf4 Nxf4 26. Nxf4 exf4 27. Rxf4 Rxf4 28. Qxf4 Qxc5+ 29. d4 Qd6 30. Qxd6 Rxd6 31. Bf3 Bd5 32. Bg4 Bxa2 33. Kf2 Bb3 34. Rd3 Bc4 35. Rd2 Kf7 36. Ke3 Kf6 37. Bc8 b6 38. Rf2+ Ke7 39. Bf5 Rh6 40. Bg4 Be6 41. Bxe6 Kxe6 42. Rh2 Kd5 43. Kd3 Rf6 0-1

[Event "AUT-chT2M 0809"]
[Site "Austria"]
[Date "2009.03.08"]
[Round "8.6"]
[White "Pfaffel, Thomas"]
[Black "Arztmann, Wolfgang"]
[Result "1/2-1/2"]
[WhiteElo "2148"]
[BlackElo "2122"]
[PlyCount "67"]
[EventDate "2008.10.11"]
[EventType "team-tourn"]
[EventRounds "11"]
[EventCountry "AUT"]
[SourceTitle "EXT 2010"]
[Source "ChessBase"]
[SourceDate "2010.11.25"]
[SourceVersion "1"]
[SourceVersionDate "2010.11.25"]
[SourceQuality "1"]
[WhiteTeam "Graz Austria"]
[BlackTeam "Raika Feffernitz"]
[WhiteTeamCountry "AUT"]
[BlackTeamCountry "AUT"]

1. Nf3 Nf6 2. b3 g6 3. Bb2 Bg7 4. e3 0-0 5. c4 d6 6. d4 Nbd7 7. Be2 Re8 8. d5 e5 9. dxe6 Rxe6 10. 0-0 Re8 11. b4 a5 12. a3 Qe7 13. Nc3 Nb6 14. Rc1 axb4 15. axb4 Be6 16. Nb5 Ra2 17. Qb3 Rea8 18. Ra1 Rxa1 19. Rxa1 Rxa1+ 20. Bxa1 c6 21. Nbd4 Ne4 22. Qc2 Bd7 23. Bd3 Ng5 24. Nxg5 Qxg5 25. Nf3 Qe7 26. Qa2 Be6 27. Bxg7 Kxg7 28. Nd4 Nd7 29. Qa1 Qf6 30. f4 c5 31. Nxe6+ fxe6 32. Qxf6+ Kxf6 33. bxc5 Nxc5 34. Bb1 1/2-1/2